000 00757nam a22002297a 4500
005 20150305121636.0
008 140714b xxu||||| |||| 00| 0 Urdu d
010 _aUR-8693
020 q _c200..00
020 _c9789350735046
035 _aU-7248
037 _bDBAD/Pub.
040 _aDPL
_bUrdu
082 _a841
100 _aنر يند ر نا تھ نشتر آ نجہا نی
245 _a‎نقش نشتر
_cنر يند ر نا تھ نشتر آ نجہا نی
246 _aNaqsh-e- Nashtar
_bBy Narender Nath Nashtar
260 _aد ھلی
_bEducational Publishing House
_c2014
270 _a3108,Vakeel Street,Kucha Pandit,Lal Kuan
_b.Delhi
_e110006
300 _a132ص
_c22Cm (Hb)
942 _2ddc
_cUR
_e
_h841
_mن ر ے
999 _c91956
_d91956